Vypracovanie praktických zásad tvorby rezerv ako súčasť prehlbovania efektívnosti chozraščotu pri plánovitom riadení záverečná správa etapovej úlohy

Gespeichert in:
Bibliographische Detailangaben
1. Verfasser: Šebek, Jozef
Format: Buch
Sprache:Slowakisch
Veröffentlicht: Bratislava Vysoká škola ekonomická 1980
Tags: Tag hinzufügen
Keine Tags, Fügen Sie das erste Tag hinzu!

MARC

LEADER 00000nam a2200000 4500
001 c138844
005 20250703112141.3
041 0 |a slo 
044 |a SK 
245 1 0 |a Vypracovanie praktických zásad tvorby rezerv ako súčasť prehlbovania efektívnosti chozraščotu pri plánovitom riadení  |b záverečná správa etapovej úlohy  |c Jozef Šebek 
264 1 |a Bratislava  |b Vysoká škola ekonomická  |c 1980 
300 |a 31 s. 
100 1 |a Šebek, Jozef